Clarin evangelico panegyrico, en una centuria de sermones, para todas las festividades calendas de Christo, de Maria Santissima, y de los santos, y otras de devocion : obra utilissima para desempeño, y luz de los curas de almas, y demàs ministros evangelicos, y aprovechamineto de los fieles / su autor el R. P. Fr. Juan Bautista de Murcia ex-custodio, y ex-difinidor en la Orden de Menores Capuchinos de N. P. S. Francisco, en la provinca de Valencia

Detalles Bibliográficos
Autor principal: Murcia, Juan Bautista de, padre, O.F.M., cap
Otros Autores: José Avinyò, y José Altes libreros y compañía ed
Formato: Libro
Lenguaje:Spanish
Publicado: Barcelona : en la imprenta de Carlos Sapèra, y Jayme Osèt libreros ; a costa de Joseph Avinyò, y Joseph Altès libreros, y Compañia, 1753.
Materias:
Colección:Banco de datos
Acervo:Biblioteca Félix de Jesús Rougier de los Misioneros del Espíritu Santo. Fondo Antiguo
Descripción Física:2 t. ; f°
Tema general:Homilética
Notas:Portada tipográfica con orla y pleca en grabado xilográfico. Texto a dos columnas con notas a pie de página. Incluye cabecera de título en grabado xilográfico. Incluye capitular floreada en grabado xilográfico. Tomo con portada y numeración propias. Año del t. 1 publicado en 1753. Paginación: t. 1 [10] h., 579 p., [20] h. Encuadernación en pergamino. Marca de fuego: no identificada. Sello en tinta de la Biblioteca Félix de Jesús Rougier. Daños en la encuadernación, cubiertas desprendidas
LEADER 01864nam a22002050004500
035 |a 459 
041 0 |a spa 
100 1 |a Murcia, Juan Bautista de, padre, O.F.M., cap. 
245 1 0 |a Clarin evangelico panegyrico, en una centuria de sermones, para todas las festividades calendas de Christo, de Maria Santissima, y de los santos, y otras de devocion : obra utilissima para desempeño, y luz de los curas de almas, y demàs ministros evangelicos, y aprovechamineto de los fieles / su autor el R. P. Fr. Juan Bautista de Murcia ex-custodio, y ex-difinidor en la Orden de Menores Capuchinos de N. P. S. Francisco, en la provinca de Valencia 
260 |a Barcelona : en la imprenta de Carlos Sapèra, y Jayme Osèt libreros ; a costa de Joseph Avinyò, y Joseph Altès libreros, y Compañia, 1753.  
300 |a 2 t. ; f° 
500 |a Portada tipográfica con orla y pleca en grabado xilográfico. Texto a dos columnas con notas a pie de página. Incluye cabecera de título en grabado xilográfico. Incluye capitular floreada en grabado xilográfico. Tomo con portada y numeración propias. Año del t. 1 publicado en 1753. Paginación: t. 1 [10] h., 579 p., [20] h. Encuadernación en pergamino. Marca de fuego: no identificada. Sello en tinta de la Biblioteca Félix de Jesús Rougier. Daños en la encuadernación, cubiertas desprendidas 
504 |a Al principio de la obra está el índice de contenido y fe de erratas 
505 0 0 |a t. 1 Los sermones para todos los dias colendos de los santos, y otros de devocion, repartidos por los meses del año 
650 1 0 |a Homilética 
700 1 |a José Avinyò, y José Altes libreros y compañía ed. 
949 |a Biblioteca Félix de Jesús Rougier, Fondo Antiguo t. 1 (752) 
942 |c ROUGIER 
943 |g Biblioteca Félix de Jesús Rougier de los Misioneros del Espíritu Santo. Fondo Antiguo 
999 |c 945478  |d 945478